000 00851nam a2200265Ia 4500
003 OSt
005 20220926022420.0
006 a|||||r|||| 00| 0
007 ta
008 220923b |||||||| |||| 00| 0 eng d
020 _a4258540234
037 _cGeneral Book
040 _aRTL
_cRTL
_beng
041 _2eng
_aeng
082 _aX:(G:55).5.P, P3
110 _aUnited Nations, Economic Commission for Europe
245 0 _aEnvironmental policy in transition
_b Ten years of
260 _aNew York
_bUnited Nations U. S. A.
_c2003
300 _a91p.
_ccm.
500 _aJapan External Trade Organization, Symposium Proceedings, 23
650 _aEnvironmental Economics-Europe
_9231005
700 _aUnited Nations, Economic Commission for Europe
942 _hX:(G:55).5.P, P3
_cGB
_2CC
999 _c639416
_d639416